| 000 | 00561nam a22001937a 4500 | ||
|---|---|---|---|
| 003 | KOHA_MİRAKIL | ||
| 005 | 20251209091231.0 | ||
| 008 | 251209b tu ||||| |||| 00| 0 tur d | ||
| 020 | _a9786253971618 | ||
| 040 |
_aTR-AnABB _btur _cTR-AnABB |
||
| 041 | _atur | ||
| 082 |
_a910.7 _bALA 2024 |
||
| 100 | 1 | _aAlaca, Eray, | |
| 245 | 1 | 0 |
_a1869'dan günümüze tarih öğretim programları / _cDoç. Dr. Eray Alaca |
| 260 |
_aAnkara : _bNobel Akademik Yayıncılık, _c2024 |
||
| 300 |
_a765 sayfa ; _c24 cm |
||
| 650 | 0 | 4 | _aCoğrafya |
| 942 |
_2ddc _cBK |
||
| 999 |
_c9716 _d9716 |
||
| 900 | _bGizem YORULMAZ | ||